| 000 | 01313cam a2200313M 4500 | ||
|---|---|---|---|
| 001 | daughtersofcain00dext | ||
| 003 | CaSfIA | ||
| 005 | 20210118001045.0 | ||
| 007 | cr|||| | ||
| 008 | 950405s1994 nyua 000 1 eng d | ||
| 040 |
_aBNY _cBNY _dBYP _dCaSfIA |
||
| 020 | _a0708988695 : | ||
| 020 | _a9780708988695 | ||
| 020 | _a0804113645 (pbk.) : | ||
| 020 | _a9780804113649 (pbk.) | ||
| 035 | _a(OCoLC)317544834 | ||
| 050 | 4 |
_aPR6054.E96 _bD3 1995 |
|
| 100 | 1 | _aDexter, Colin. | |
| 245 | 1 | 4 |
_aThe daughters of Cain / _h[electronic resource] _cColin Dexter. |
| 260 |
_aNew York : _bCrown, _cc1994. |
||
| 300 |
_a423 p. ; _c23 cm. |
||
| 500 | _aPublished also by Ivy Books. | ||
| 650 | 0 |
_aMorse, Inspector (Fictitious character) _xFiction. |
|
| 856 | 4 | 1 |
_uhttp://www.archive.org/details/daughtersofcain00dext _zFree eBook from the Internet Archive |
| 856 | 4 | 2 |
_uhttp://www.openlibrary.org/books/OL9832080M _zAdditional information and access via Open Library |
| 942 | _cEB | ||
| 506 | _fНеобхідна авторизація на https://archive.org/ (створення облікового запису безкоштовно) | ||
| 506 | _fНеобхідна авторизація на https://openlibrary.org/ (створення облікового запису безкоштовно) | ||
| 999 |
_c486666 _d486666 |
||